| 000 | 01125nam a22002055i 4500 | ||
|---|---|---|---|
| 001 | 165483 | ||
| 003 | ES-MaACL | ||
| 005 | 20250902100244.0 | ||
| 008 | 990701s1873 sp |||| | spa d | ||
| 080 | _a061.235(460.27 M.).055.5 | ||
| 110 | 2 |
_aReal Sociedad Económica Matritense de Amigos del País. _96389 |
|
| 245 | 1 | 0 |
_aResumen de sus actas y de sus tareas en el año 1872, leído en la sesión de 25 de enero de 1873 / _cpor el secretario general D. Juan de Tro y Ortolano. |
| 260 |
_aMadrid : _b[s.n.], _c1873 ( _fTip. del Colegio Nacional de Sordo-Mudos y de Ciegos) |
||
| 300 |
_a144 p. ; _c27 cm. |
||
| 505 | 8 | _aContiene: Lista del personal oficial . Lista alfabética de las sociedades económicas de amigos del país del reino y de sus diputaciones . Lista de las obras adquiridas por diferentes conceptos para su biblioteca en 1872 | |
| 610 | 2 | 7 |
_aReal Sociedad Económica Matritense de Amigos del País- _vMemorias _2 _9145026 |
| 700 | 1 |
_aTro y Ortolano, Juan de. _9133384 |
|
| 852 | 4 |
_aES-MaACL _jT-660-F-7 _z- Enc. hol., conservando cub. original _z- Enc. en un vol. facticio |
|
| 999 |
_c165483 _d165483 |
||